<?xml version="1.0" encoding="UTF-8"?>
<record
    xmlns:xsi="http://www.w3.org/2001/XMLSchema-instance"
    xsi:schemaLocation="http://www.loc.gov/MARC21/slim http://www.loc.gov/standards/marcxml/schema/MARC21slim.xsd"
    xmlns="http://www.loc.gov/MARC21/slim">

  <leader>00856nam a22002537a 4500</leader>
  <controlfield tag="005">20170123162303.0</controlfield>
  <datafield tag="010" ind1=" " ind2=" ">
    <subfield code="a">A-845952</subfield>
  </datafield>
  <datafield tag="020" ind1=" " ind2=" ">
    <subfield code="c">80.00</subfield>
  </datafield>
  <datafield tag="035" ind1=" " ind2=" ">
    <subfield code="a">A-845952</subfield>
  </datafield>
  <datafield tag="037" ind1=" " ind2=" ">
    <subfield code="b">Cen Lib/Ret</subfield>
  </datafield>
  <datafield tag="040" ind1=" " ind2=" ">
    <subfield code="a">DPL</subfield>
    <subfield code="b">UR</subfield>
  </datafield>
  <datafield tag="082" ind1=" " ind2=" ">
    <subfield code="a">840.8</subfield>
    <subfield code="b">&#x646; &#x6D2; &#x645;</subfield>
  </datafield>
  <datafield tag="100" ind1=" " ind2=" ">
    <subfield code="a">&#x646;&#x645;&#x62A;&#x644;&#x644;&#x6C1; </subfield>
    <subfield code="9">41420</subfield>
  </datafield>
  <datafield tag="245" ind1=" " ind2=" ">
    <subfield code="a">&#x62C;&#x645;&#x6CC;&#x644; &#x645;&#x638;&#x6C1;&#x631;&#x6CC; :</subfield>
    <subfield code="c">&#x646;&#x645;&#x62A;&#x644;&#x644;&#x6C1; </subfield>
    <subfield code="b"> &#x628;&#x62D;&#x6CC;&#x62B;&#x6CC;&#x62A; &#x646;&#x62B;&#x631; &#x646;&#x6AF;&#x627;&#x631;  /</subfield>
  </datafield>
  <datafield tag="246" ind1=" " ind2=" ">
    <subfield code="a">Jameel Mazhari : bahaisiyat nisar nigar /</subfield>
    <subfield code="b">by Nematullah</subfield>
  </datafield>
  <datafield tag="260" ind1=" " ind2=" ">
    <subfield code="a">&#x62F;&#x6C1;&#x644;&#x6CC;</subfield>
    <subfield code="b">&#x62A;&#x62E;&#x644;&#x6CC;&#x6A9; &#x6A9;&#x627;&#x631; &#x67E;&#x628;&#x644;&#x634;&#x631;&#x633;</subfield>
    <subfield code="c">1997</subfield>
  </datafield>
  <datafield tag="270" ind1=" " ind2=" ">
    <subfield code="b">&#x62F;&#x6C1;&#x644;&#x6CC;</subfield>
    <subfield code="a">&#x661;&#x667;&#x667;&#x669;&#x60C; &#x6A9;&#x648;&#x6A9;&#x6C1;&#x627; &#x62F;&#x6A9;&#x6BE;&#x646;&#x6CC; &#x631;&#x6C1;&#x6D2;&#x60C; &#x62F;&#x631;&#x6CC;&#x627;&#x6AF;&#x646;&#x62C; </subfield>
    <subfield code="e">110002</subfield>
  </datafield>
  <datafield tag="300" ind1=" " ind2=" ">
    <subfield code="a">166p.</subfield>
    <subfield code="c">19cm(Hb)</subfield>
  </datafield>
  <datafield tag="650" ind1=" " ind2=" ">
    <subfield code="a">&#x627;&#x631;&#x62F;&#x648; &#x627;&#x62F;&#x628;</subfield>
    <subfield code="9">108155</subfield>
  </datafield>
  <datafield tag="650" ind1=" " ind2=" ">
    <subfield code="a">&#x627;&#x631;&#x62F;&#x648;   &#x628;&#x62D;&#x62B;  </subfield>
    <subfield code="9">108156</subfield>
  </datafield>
  <datafield tag="650" ind1=" " ind2=" ">
    <subfield code="a">Urdu litarature </subfield>
    <subfield code="9">108157</subfield>
  </datafield>
  <datafield tag="650" ind1=" " ind2=" ">
    <subfield code="a">Urdu Arabic Debate</subfield>
    <subfield code="9">108158</subfield>
  </datafield>
  <datafield tag="942" ind1=" " ind2=" ">
    <subfield code="2">ddc</subfield>
    <subfield code="c">UR</subfield>
    <subfield code="h">840.8</subfield>
    <subfield code="m">&#x646; &#x6D2; &#x645;</subfield>
  </datafield>
  <datafield tag="999" ind1=" " ind2=" ">
    <subfield code="c">106143</subfield>
    <subfield code="d">106143</subfield>
  </datafield>
  <datafield tag="952" ind1=" " ind2=" ">
    <subfield code="0">1</subfield>
    <subfield code="1">0</subfield>
    <subfield code="4">0</subfield>
    <subfield code="7">0</subfield>
    <subfield code="a">L</subfield>
    <subfield code="b">L</subfield>
    <subfield code="d">2015-12-15</subfield>
    <subfield code="e">Cen Lib/Ret</subfield>
    <subfield code="g">80.00</subfield>
    <subfield code="l">0</subfield>
    <subfield code="o">840.8 &#x646; &#x6D2; &#x645;</subfield>
    <subfield code="p">A-845952</subfield>
    <subfield code="r">2015-12-15 00:00:00</subfield>
    <subfield code="t">1</subfield>
    <subfield code="v">80.00</subfield>
    <subfield code="w">2015-12-15</subfield>
    <subfield code="y">UR</subfield>
  </datafield>
</record>
